| 000 -LEADER |
| fixed length control field |
01804nam a22001577a 4500 |
| 008 - FIXED-LENGTH DATA ELEMENTS--GENERAL INFORMATION |
| fixed length control field |
210712b ||||| |||| 00| 0 eng d |
| 100 ## - MAIN ENTRY--PERSONAL NAME |
| Personal name |
Mahmood, Mohamed, Mahmood, Mohamed and Chen, Weifeng |
| 245 ## - TITLE STATEMENT |
| Title |
The role of information and communications technology in the transformation of government and citizen trust |
| 260 ## - PUBLICATION, DISTRIBUTION, ETC. (IMPRINT) |
| Place of publication, distribution, etc |
International Review of Administrative Sciences |
| 300 ## - PHYSICAL DESCRIPTION |
| Extent |
86(4), Dec, 2020: p.708-728 |
| 520 ## - SUMMARY, ETC. |
| Summary, etc |
We present an empirically tested conceptual model based on exit–voice theory to study the influence of information and communications technology-enabled transformation of government on citizen trust in government. We conceptualize and address the key factors affecting the influence of transformation of government on citizen trust, including government performance and transparency. Based on 313 survey responses from citizens in Bahrain, the top-ranked country in information and communications technology adoption in the Gulf Cooperation Council region, we test government performance and transparency as mediators between transformation of government and citizen trust. The resulting preliminary insights on the measurement and manifestation of citizen trust in the context of information and communications technology-enabled transformation of government have multiple policy implications and extend our understanding of how information and communications technology-enabled transformation of government can improve the government–citizen relationship and digital services adoption. – Reproduced
|
| 650 ## - SUBJECT ADDED ENTRY--TOPICAL TERM |
| Topical term or geographic name as entry element |
Bahrain, Citizen trust, Information and communications technology, Performance, Transformation of government, Transparency |
| 9 (RLIN) |
25071 |
| 773 ## - HOST ITEM ENTRY |
| Main entry heading |
International Review of Administrative Sciences |
| 906 ## - LOCAL DATA ELEMENT F, LDF (RLIN) |
| Subject DIP |
E-GOVERNANCE |
| 942 ## - ADDED ENTRY ELEMENTS (KOHA) |
| Item type |
Articles |